Robots and automated manufacture / (Record no. 155669)

MARC details
000 -LEADER
fixed length control field 00946nam a2200277 a 4500
008 - FIXED-LENGTH DATA ELEMENTS--GENERAL INFORMATION
fixed length control field
020 ## - INTERNATIONAL STANDARD BOOK NUMBER
International Standard Book Number 0863410537 (hbk.)
049 ## - LOCAL HOLDINGS (OCLC)
Holding library MAIN
090 ## - LOCALLY ASSIGNED LC-TYPE CALL NUMBER (OCLC); LOCAL CALL NUMBER (RLIN)
Classification number (OCLC) (R) ; Classification number, CALL (RLIN) (NR) TS191.8
003 - CONTROL NUMBER IDENTIFIER
control field
005 - DATE AND TIME OF LATEST TRANSACTION
control field 20230123133840.0
040 ## - CATALOGING SOURCE
Transcribing agency NUST
245 00 - TITLE STATEMENT
Title Robots and automated manufacture /
Statement of responsibility, etc. edited by J. Billingsley.
260 ## - PUBLICATION, DISTRIBUTION, ETC.
Place of publication, distribution, etc. London, UK :
Name of publisher, distributor, etc. P. Peregrinus on behalf of the Institution of Electrical Engineers,
Date of publication, distribution, etc. c1985.
300 ## - PHYSICAL DESCRIPTION
Extent xii, 233 p. :
Other physical details ill. ;
Dimensions 23 cm.
440 ## - SERIES STATEMENT/ADDED ENTRY--TITLE
Title IEE control engineering series ;
Volume/sequential designation 28
500 ## - GENERAL NOTE
General note Includes index.
504 ## - BIBLIOGRAPHY, ETC. NOTE
Bibliography, etc. note Includes bibliographical references.
650 #0 - SUBJECT ADDED ENTRY--TOPICAL TERM
Topical term or geographic name entry element Robots, Industrial.
650 #0 - SUBJECT ADDED ENTRY--TOPICAL TERM
Topical term or geographic name entry element Factories
General subdivision Automation.
653 ## - INDEX TERM--UNCONTROLLED
Uncontrolled term Manufactured goods
-- Assembly
-- Applications of industrial robots
700 1# - ADDED ENTRY--PERSONAL NAME
Personal name Billingsley, J.
710 2# - ADDED ENTRY--CORPORATE NAME
Corporate name or jurisdiction name as entry element Institution of Electrical Engineers.
907 ## - LOCAL DATA ELEMENT G, LDG (RLIN)
a .b10069951
b 05-09-05
c 17-04-03
942 ## - ADDED ENTRY ELEMENTS (KOHA)
Koha item type Ordinary Loan Books
Call number prefix TS191.8
Holdings
Date last seen Total Checkouts Full call number Barcode Cost, replacement price Price effective from Koha item type Lost status Source of classification or shelving scheme Damaged status Not for loan Collection Withdrawn status Home library Current library Shelving location Date acquired Cost, normal purchase price
01/23/2023 5 TS191.8 ROB 92003020284 80.00 01/23/2023 BOOKS   LCC     NFIC   MAIN MAIN GEN 01/23/2023 80.00